| 000 | 01522nam a22003737a 4500 | ||
|---|---|---|---|
| 003 | DO-SdBNP | ||
| 005 | 20180313095645.0 | ||
| 008 | 160509b 2005 dr00| 0 spa d | ||
| 020 | _a9789945110340 | ||
| 040 |
_aBPMSU _bspa _cBPMSU |
||
| 082 | 4 |
_a373.52 _bR741b 2do. 2005 |
|
| 100 | _aRojas Lora, Luis Rafael | ||
| 245 |
_aBiología 2 : _beducación media / _cLuis Rafael Rojas Lora ; dirección editorial Obdulia García de Escobar ; editora Claudia Llibre |
||
| 260 |
_aSanto Domingo : _bSantillana, _c2005. |
||
| 300 |
_a183 p. : _bil., retrs. _c28 cm. |
||
| 490 | 1 | _aÁmbar | |
| 500 | _a2do. bachillerato/2do. curso/Primer ciclo | ||
| 505 |
_tFunciones vitales: la nutrición -- _tRelación y reproducción de las plantas -- _tRelación y reproducción de los animales -- _tLa alimentación en los seres humanos -- _tLa circulación -- _tLa respiración -- _tLa excreción -- _tLa reproducción humana. |
||
| 650 | 4 |
_aBIOLOGÍA _xENSEÑANZA SECUNDARIA |
|
| 650 | 4 |
_aBIOLOGÍA _xEDUCACIÓN SECUNDARIA |
|
| 650 | 4 |
_aBIOLOGÍA _xESTUDIOS Y EJERCICIOS |
|
| 650 | 4 |
_aBIOLOGÍA _xLIBROS DE TEXTOS |
|
| 650 | 4 |
_aEDUCACIÓN SECUNDARIA _zREPÚBLICA DOMINICANA |
|
| 700 | 1 | _aMota, Matilde | |
| 700 | 1 | _aMejía, Tulio | |
| 700 | 1 | _aDominici, Germán | |
| 700 | 1 |
_aGarcía de Escobar, Obdulia, _edir. ed. |
|
| 700 | 1 |
_aLlibre, Claudia, _eed. |
|
| 830 | 0 | _aÁmbar | |
| 910 | _aValidado. Control de calidad MFF | ||
| 942 |
_2ddc _cBK |
||
| 945 | _aRemanejado para la BNPHU / 2018 BT | ||
| 956 |
_aBTAVÁREZ _b10 _c20160517 _d0038 |
||
| 999 |
_c10030 _d10030 |
||